| 000 | 00396 a2200169 4500 | ||
|---|---|---|---|
| 001 | 46039 | ||
| 020 | _a9788537710791 | ||
| 040 | _cAnchieta - Aquarius | ||
| 100 | _aPrats, Joan de Déu | ||
| 240 | 1 | 0 |
_aOs patins de Sebastião _lpor |
| 245 | 1 | 0 | _aOs patins de Sebastião |
| 300 | _a | ||
| 362 | 0 | _a2009 | |
| 440 | 1 | _aEscala Educacional | |
| 650 | 4 | _aLiteratura infanto-juvenil | |
| 942 | _cBK | ||
| 999 |
_c46039 _d46039 |
||